| 000 | | | 04257nac2a22002653x 450 |
| 001 | | | 08718ce3-4b81-445e-98c4-5b8e84023eea |
| 005 | | | 20190219164931.0 |
| 100 | ## | $a | 20190115l 1918k y0rusy50 ca |
| 101 | 0# | $a | rus |
| 102 | ## | $a | RU |
| 105 | ## | $a | y z |||e| |
| 200 | 1# | $a | Доклады старшего инструктора Ново-Николаевского отделения МВД "Российского правительства" об инспекторской работе в уезде и переписка по личному составу |
| | $j | 25 июня 1918 - 29 ноября 1918 |
| 215 | ## | $a | 9 листов |
| 251 | ## | $c | Дело |
| 300 | ## | $a | Заголовок дела на папке: Доклады старшего инструктора Ново-Николаевского отделения Министерства внутренних дел белогвардейского "Российского правительства" об инспекторской работе в уезде и переписка по личному составу |
| 300 | ## | $a | Листы: 1, 3, 5-9 - поврежденные; 6 - 1 марка |
| 300 | ## | $a | Машинописный и рукописный текст |
| 330 | ## | $a | Входит в раздел описи: 1919 г. |
| 461 | #0 | $1 | 0010f0e3429-2e37-4fb4-ace0-6332d350a692 |
| | $1 | 2001 |
| | $a | Министерство внутренних дел Российского правительства. Омск |
| | $1 | 251 |
| | $c | Фонд |
| | $1 | 852 |
| | $j | 1700 |
| | $g | Р |
| 462 | #0 | $1 | 00196992368-87aa-4ec8-94b8-d5a64cfcd599 |
| | $1 | 2001 |
| | $a | Канцелярия министра. 1918-1919 гг. |
| | $v | Д. 72 |
| | $1 | 251 |
| | $c | Опись |
| | $1 | 852 |
| | $j | 7 |
| 517 | 1# | $a | Доклады старшего инструктора Ново-Николаевского отделения Министерства внутренних дел белогвардейского "Российского правительства" об инспекторской работе в уезде и переписка по личному составу |
| 601 | 02 | $3 | RU\NLR\AUTH\8810247804 |
| | $a | Временное Сибирское правительство |
| | $b | Министерство внутренних дел |
| 801 | #0 | $a | RU |
| | $b | GA_RF |
| 801 | #1 | $a | RU |
| | $b | ГлавНИВЦ |
| | $c | 20190115 |
| | $2 | rusmarc |
| 801 | #2 | $a | RU |
| | $b | ПБ им. Б.Н. Ельцина |
| | $c | 20190219 |
| | $g | RCR |
| | $2 | rusmarc |
| 852 | ## | $a | ГА РФ |
| | $j | 72 |
| 937 | ## | $d | 125638402 |
| | $h | ПБ |
| 035 | ## | $a | RuPRLIB51055368 |
| 856 | ## | $u | http://readingroom.main.prlib.ru/item.aspx?id_node=n125638402&mode=full |